Faktory ovplyvňujúce finančnú štruktúru slovenských podnikov
Špecifické faktory krajiny, ktoré majú vplyv na finančnú štruktúru podnikov. Interné podnikové faktory (napr. veľkosť podniku, náklady kapitálu, faktor rizika, majetková štruktúra, úroveň a stabilita cash flow). Skúmanie faktorov ovplyvňujúcich finančnú štruktúru podnikov v podmienkach SR.
Saved in:
| Main Author: | |
|---|---|
| Format: | Book Chapter |
| Language: | Slovak |
| Subjects: | |
| Tags: |
No Tags, Be the first to tag this record!
|
MARC
| LEADER | 00000naa$a2200000$$$4500 | ||
|---|---|---|---|
| 001 | 0237733 | ||
| 005 | 20240502073837.7 | ||
| 041 | 0 | |a slo | |
| 044 | |a SK | ||
| 245 | 1 | 0 | |a Faktory ovplyvňujúce finančnú štruktúru slovenských podnikov |c Lenka Kalusová |
| 520 | |a Špecifické faktory krajiny, ktoré majú vplyv na finančnú štruktúru podnikov. Interné podnikové faktory (napr. veľkosť podniku, náklady kapitálu, faktor rizika, majetková štruktúra, úroveň a stabilita cash flow). Skúmanie faktorov ovplyvňujúcich finančnú štruktúru podnikov v podmienkach SR. | ||
| 610 | 2 | 0 | |a podnik |
| 610 | 2 | 0 | |a financie |
| 610 | 2 | 0 | |a zdroje finančné |
| 610 | 2 | 0 | |a kapitál |
| 610 | 2 | 0 | |a majetok |
| 610 | 2 | 0 | |a dane |
| 610 | 2 | 0 | |a zdaňovanie |
| 610 | 2 | 0 | |a Slovensko |
| 100 | 1 | |a Kalusová, Lenka, 1987- | |